Lâm sàng sản phụ khoa

Gorde:
Xehetasun bibliografikoak
Egile nagusia: Phan Trường Duyệt
Formatua: Liburua
Hizkuntza:Undetermined
Argitaratua: Hà Nội Y Học 2000
Gaiak:
Etiketak: Etiketa erantsi
Etiketarik gabe, Izan zaitez lehena erregistro honi etiketa jartzen!
Thư viện lưu trữ: Trung tâm Học liệu Trường Đại học Cần Thơ
LEADER 00531nam a2200169Ia 4500
001 CTU_39448
008 210402s9999 xx 000 0 und d
082 |a 618.2 
082 |b D528L 
100 |a Phan Trường Duyệt 
245 0 |a Lâm sàng sản phụ khoa 
245 0 |c Phan Trường Duyệt, Đinh Thế Mỹ 
260 |a Hà Nội 
260 |b Y Học 
260 |c 2000 
650 |a generative organs, female - diseases,obstetrics,genecology 
980 |a Trung tâm Học liệu Trường Đại học Cần Thơ